000 00525nam a2200157Ia 4500
003 GCL
008 140319s9999 xx 000 0 ara d
040 _aGCL /
_cGCL
082 0 4 _aق
_b962.054
_bل ف
100 1 _aلطيفة محمد سالم
245 1 0 _aفاروق وسقوط المكلية فى مصر (1936 - 1952م ) /
_cلطيفة محمد سالم
300 _a1032 ص
490 _aصفحات من تاريخ مصر
_v0
650 0 4 _aمصر - تاريخ - العصر الحديث (1805 - 1956 )
942 _2ddc
_cBK
999 _c48122
_d48122